Annually Laminated Lake Sediments (Record no. 44430)
[ view plain ]
| 000 -LEADER | |
|---|---|
| fixed length control field | 01918nam a2200253Ia 4500 |
| 000 - LEADER | |
| fixed length control field | 03099naaa 00649uu |
| 001 - CONTROL NUMBER | |
| control field | https://directory.doabooks.org/handle/20.500.12854/40911 |
| 005 - DATE AND TIME OF LATEST TRANSACTION | |
| control field | 20260218105521.0 |
| 008 - FIXED-LENGTH DATA ELEMENTS--GENERAL INFORMATION | |
| fixed length control field | 211013s9999 xx 000 0 und d |
| 020 ## - INTERNATIONAL STANDARD BOOK NUMBER | |
| International Standard Book Number | 9783039287864 |
| 024 ## - OTHER STANDARD IDENTIFIER | |
| Standard number or code | 10.3390/books978-3-03928-787-1 |
| 042 ## - AUTHENTICATION CODE | |
| Authentication code | dc |
| 245 #0 - TITLE STATEMENT | |
| Title | Annually Laminated Lake Sediments |
| 260 ## - PUBLICATION, DISTRIBUTION, ETC. | |
| Name of publisher, distributor, etc. | MDPI - Multidisciplinary Digital Publishing Institute |
| Date of publication, distribution, etc. | 2020 |
| 300 ## - PHYSICAL DESCRIPTION | |
| Extent | 1 electronic resource (130 p.) |
| 520 ## - SUMMARY, ETC. | |
| Summary, etc. | The collection of papers presented in this book illustrates the recent progress made in varved sediment research and highlights the large variety of methodological approaches and research directions applied. The contributions cover monitoring of modern sediment fluxes using sediment traps; geochronological and sedimentological analyses of annually laminated lacustrine sediments or varves; and multiproxy investigations, including geochemical and biological proxies as well as spatiotemporal analyses based on multicore studies supported by satellite images and X-ray computed tomography (CT). The scientific issues discuss the influences of hydrological and climatological phenomena on short-term changes in sediment flux, the relationships between biogeochemical (limnological) processes in the water column and the formation of varves, the preservation of environmental signals in varved sediments, and possibilities of synchronizing varved records with other high-resolution environmental archives such as tree rings. |
| 540 ## - TERMS GOVERNING USE AND REPRODUCTION NOTE | |
| Terms governing use and reproduction | Creative Commons |
| 653 ## - INDEX TERM--UNCONTROLLED | |
| Uncontrolled term | environmental monitoring |
| 700 1# - ADDED ENTRY--PERSONAL NAME | |
| Personal name | Tylmann, Wojciech |
| 700 1# - ADDED ENTRY--PERSONAL NAME | |
| Personal name | Zolitschka, Bernd |
| 856 ## - ELECTRONIC LOCATION AND ACCESS | |
| Uniform Resource Identifier | <a href="https://docs.google.com/spreadsheets/d/1yKIrdCPDAG_9c22mwoOIO2DOhtj65Wqa/edit?usp=sharing&ouid=106555315294820607512&rtpof=true&sd=true ">https://docs.google.com/spreadsheets/d/1yKIrdCPDAG_9c22mwoOIO2DOhtj65Wqa/edit?usp=sharing&ouid=106555315294820607512&rtpof=true&sd=true </a> |
| Link text | List of Curated E-Books |
| 942 ## - ADDED ENTRY ELEMENTS (KOHA) | |
| Koha item type | E-Book |
| Withdrawn status | Source of classification or shelving scheme | Damaged status | Not for loan | Home library | Current library | Date acquired | Total Checkouts | Date last seen | Price effective from | Koha item type |
|---|---|---|---|---|---|---|---|---|---|---|
| Library of Congress Classification | Not For Loan | Directory of Open Access Books | Directory of Open Access Books | 12/22/2021 | 12/22/2021 | 12/22/2021 | E-Book |